Statistics for Φαγητά που αρχίζουν από Β (με εικόνες)

Click here to take the quiz!

General Stats

  • This quiz has been taken 151 times
  • The average score is 8 of 10

Answer Stats

Answer% Correct
Βούτυρο
99%
Βάφλα
97%
Βερίκοκο
93%
Βασιλικός
89%
Βατόμουρο
88%
Βανίλια
84%
Βρώμη
75%
Βατραχοπόδαρα
71%
Βύσσινο
65%
Βαλεριάνα
12%

Score Distribution

Percentile by Number Answered

Percent of People with Each Score

Your Score History

You have not taken this quiz